Một góc nhìn của tri thức;T2

Đã lưu trong:
Bibliografiske detaljer
Format: Bog
Sprog:Undetermined
Udgivet: Tp HCM Tia sáng 2002
Fag:
Tags: Tilføj Tag
Ingen Tags, Vær først til at tagge denne postø!
Thư viện lưu trữ: Trung tâm Học liệu Trường Đại học Cần Thơ
LEADER 00427nam a2200169Ia 4500
001 CTU_62146
008 210402s9999 xx 000 0 und d
020 |b 50000 
082 |a 001 
082 |b M458/T2 
245 0 |a Một góc nhìn của tri thức;T2 
260 |a Tp HCM 
260 |b Tia sáng 
260 |c 2002 
650 |a knowledge 
904 |i Minh 
980 |a Trung tâm Học liệu Trường Đại học Cần Thơ